000 03277cam a2200265 i 4500
001 114184
003 DR-UNIBE
005 20251029121017.0
008 190325s2023 sp b 000 0 spa
020 _a9788411259873
040 _aDLC
_beng
_erda
_cDLC
_dBIBLIOTECA UNIBE
041 _aspa
042 _apcc
082 _a341 S127d 2023
100 _aSaenz de Santa María, M. Paz Andrés
_9111307
245 1 0 _aDerecho internacional público :
_btextos y materiales /
_cPaz Andrés Sáenz de Santa María, Javier A. González Vega
250 _aQuinta edición
260 _aCizur Menor, Navarra :
_bCivitas,
_c2023
300 _a1067 páginas
505 _aCAPÍTULO I. EL ORDENAMIENTO JURÍDICO INTERNACIONAL | CAPÍTULO II. LOS SUJETOS DEL ORDENAMIENTO INTERNACIONAL | CAPÍTULO III. LA FORMACIÓN DE LAS NORMAS Y LA CREACIÓN DE LOS DERECHOS Y OBLIGACIONES INTERNACIONALES. LA INTEGRACIÓN DE LAS NORMAS INTERNACIONALES EN EL ORDENAMIENTO INTERNO | CAPÍTULO IV. LA APLICACIÓN DE LAS NORMAS INTERNACIONALES | CAPÍTULO V. EL RÉGIMEN JURÍDICO-INTERNACIONAL DE LOS ESPACIOS: EL TERRITORIO Y LOS ESPACIOS MARINOS | CAPÍTULO VI. LA PROTECCIÓN DE LOS INTERESES FUNDAMENTALES DE LA COMUNIDAD INTERNACIONAL | CAPÍTULO VII. EL ARREGLO PACÍFICO DE CONTROVERSIAS INTERNACIONALES | CAPÍTULO VIII. EL USO DE LA FUERZA EN LA COMUNIDAD INTERNACIONAL Y EL MANTENIMIENTO DE LA PAZ Y LA SEGURIDAD INTERNACIONALES |
520 3 _aLa importancia que en el Derecho internacional público ha tenido siempre el análisis de la práctica se ha visto potenciada tras la adaptación al Espacio Europeo de Educación Superior, como consecuencia del valor que se atribuye a las clases prácticas y a la realización de otras actividades académicas dirigidas. Concebida como un instrumento para la enseñanza de este ordenamiento en las Universidades españolas y también como una herramienta útil para los prácticos del Derecho, esta obra pretende ofrecer una visión del Derecho internacional público ajustada a su realidad presente, teniendo en cuenta los desarrollos más recientes producidos en el ámbito internacional, desde la pandemia del COVID-19 hasta la persistente agresión rusa a Ucrania. Con esta finalidad, proporciona una amplia selección de textos de la jurisprudencia internacional e interna, los actos de las organizaciones internacionales, los trabajos de codificación, los tratados internacionales y la legislación estatal, prestando especial atención a la práctica española. Se articula en torno a las diferentes partes que configuran los programas docentes de la asignatura en el grado en Derecho y en otros grados relacionados con las ciencias jurídico-sociales. Cada capítulo está estructurado sobre la base de un hilo conductor que busca fomentar la reflexión en torno a las cuestiones abordadas con el objeto de alcanzar conclusiones sobre el estado actual del Derecho internacional en los principales sectores de este ordenamiento; para ello, junto a los textos, en los capítulos se proporcionan también una introducción que sintetiza los conceptos esenciales y unas referencias bibliográficas.
650 7 _aDerecho internacional público
_944657
_2lemb
650 7 _aRelaciones internacionales
_2lemb
942 _2ddc
_cBK
999 _c114184
_d114184